[Event "Women's Speed Chess GP4"]
[Site "chess.com INT"]
[Date "2020.07.15"]
[Round "1.11"]
[White "Abdumalik, Zhansaya"]
[Black "Cori T., Deysi"]
[Result "1-0"]
[WhiteTitle "IM"]
[BlackTitle "WGM"]
[WhiteElo "2478"]
[BlackElo "2388"]
[WhiteFideId "13703544"]
[BlackFideId "3801934"]
[EventDate "2020.07.15"]
[EventType "k.o. blitz"]

1. e4 e6 2. d4 d5 3. Nc3 Nf6 4. e5 Nfd7 5. f4 c5 6. Nf3 Nc6 7. Be3 Be7 8. Qd2
O-O 9. dxc5 Nxc5 10. O-O-O Qc7 11. Kb1 a6 12. h4 b5 13. Bxc5 Bxc5 14. Bd3 b4 15.
Ne2 f5 16. exf6 Rxf6 17. g4 Bd6 18. f5 Ne5 19. Nxe5 Bxe5 20. g5 Rf8 21. fxe6
Bxe6 22. h5 Bg4 23. Rdf1 Kh8 24. h6 Rxf1+ 25. Rxf1 a5 26. hxg7+ Kxg7 27. Rh1 Rh8
28. Nc1 Qf7 29. Rf1 Qe6 30. Qf2 Bd6 31. Qa7+ Qd7 32. Qxa5 Re8 33. Qxd5 Be6 34.
Qd4+ Kg8 35. g6 h6 36. Qh4 Qg7 37. Qf6 Be5 38. Qxg7+ Kxg7 39. Re1 Bf6 40. Rg1 h5
41. Ne2 h4 42. Nf4 Bd7 43. Nh5+ Kh6 44. Nxf6 Bc6 45. Nxe8 1-0

[Event "Women's Speed Chess GP4"]
[Site "chess.com INT"]
[Date "2020.07.15"]
[Round "1.12"]
[White "Cori T., Deysi"]
[Black "Abdumalik, Zhansaya"]
[Result "0-1"]
[WhiteTitle "WGM"]
[BlackTitle "IM"]
[WhiteElo "2388"]
[BlackElo "2478"]
[WhiteFideId "3801934"]
[BlackFideId "13703544"]
[EventDate "2020.07.15"]
[EventType "k.o. blitz"]

1. d4 Nf6 2. Nf3 g6 3. b3 Bg7 4. Bb2 O-O 5. e3 b6 6. Be2 Bb7 7. O-O d6 8. c4
Nbd7 9. Nc3 c5 10. Rc1 Rc8 11. Qc2 a6 12. Rfd1 h6 13. h3 Qc7 14. e4 cxd4 15.
Nxd4 e6 16. f3 Rfe8 17. Qd2 Qb8 18. Bf1 Nh5 19. Nce2 Qa8 20. Ba1 Nhf6 21. Nc2
Bf8 22. Ne3 Ne5 23. Ng4 Nexg4 24. hxg4 Nd7 25. Qb2 e5 26. Nc3 Qa7 27. Kh1 Qb8
28. Qf2 Qc7 29. Bb2 Qd8 30. Rc2 Qg5 31. Bc1 Qf6 32. Be3 Nc5 33. b4 Nd7 34. Rcd2
b5 35. c5 Nb8 36. Nd5 Bxd5 37. Rxd5 dxc5 38. bxc5 Nc6 39. Kg1 Kg7 40. Rd6 Bxd6
41. Rxd6 Re6 42. Qd2 Rxd6 43. Bxh6+ Kh7 44. cxd6 Rd8 45. Be3 Qxd6 46. Qf2 Qe7
47. Be2 Nd4 48. Bf1 Ne6 49. g3 Kg7 50. Qb2 Nc5 51. f4 f6 52. g5 Nxe4 53. gxf6+
Nxf6 54. fxe5 Nd5 55. Bd4 Qe6 56. Bg2 Nb6 57. Qf2 Nc4 58. Be4 Rf8 59. Qg2 Qg4
60. e6+ Kg8 61. e7 Re8 62. Bd5+ Kh7 63. Qh1+ Qh5 64. Qe4 Nd6 65. Qe6 Qf5 66.
Qxd6 Qb1+ 67. Kg2 Qc2+ 68. Bf2 Qf5 69. Qe6 Qxe6 70. Bxe6 Rxe7 71. Bb3 Rd7 72.
Kf3 a5 73. Ke4 a4 74. Bd5 Re7+ 75. Kd3 Rd7 76. Kd4 Rc7 77. Be1 Rc1 78. Bb4 Rg1
79. Bd6 Rd1+ 80. Kc5 Rd2 81. Bf4 Rd3 82. Kxb5 Rxd5+ 83. Kxa4 g5 84. Bc7 Kg6 85.
Kb4 Rd7 86. Be5 Kf5 87. Bc3 Rd3 0-1

[Event "Women's Speed Chess GP4"]
[Site "chess.com INT"]
[Date "2020.07.15"]
[Round "1.1"]
[White "Koneru, Humpy"]
[Black "Girya, Olga"]
[Result "1/2-1/2"]
[WhiteTitle "GM"]
[BlackTitle "WGM"]
[WhiteElo "2586"]
[BlackElo "2469"]
[WhiteFideId "5008123"]
[BlackFideId "4195752"]
[EventDate "2020.07.15"]
[EventType "k.o. blitz"]

1. d4 Nf6 2. c4 e6 3. Nf3 d5 4. Nc3 Bb4 5. e3 O-O 6. Bd2 b6 7. cxd5 exd5 8. Rc1
Bb7 9. Bd3 Re8 10. O-O Bf8 11. Ne5 c5 12. f4 Nc6 13. Nxd5 Qxd5 14. Bc4 Qd8 15.
Nxf7 Qc7 16. Ng5+ Kh8 17. Nf7+ Kg8 18. Ng5+ Kh8 19. Nf7+ Kg8 1/2-1/2

[Event "Women's Speed Chess GP4"]
[Site "chess.com INT"]
[Date "2020.07.15"]
[Round "1.2"]
[White "Girya, Olga"]
[Black "Koneru, Humpy"]
[Result "0-1"]
[WhiteTitle "WGM"]
[BlackTitle "GM"]
[WhiteElo "2469"]
[BlackElo "2586"]
[WhiteFideId "4195752"]
[BlackFideId "5008123"]
[EventDate "2020.07.15"]
[EventType "k.o. blitz"]

1. d4 Nf6 2. c4 e6 3. Nf3 d5 4. Nc3 Be7 5. Bf4 O-O 6. e3 b6 7. Be2 Bb7 8. cxd5
Nxd5 9. Nxd5 Bxd5 10. O-O Nd7 11. Qa4 c5 12. Rfd1 a6 13. dxc5 Nxc5 14. Qd4 Bf6
15. Be5 Bxe5 16. Qxe5 Qb8 17. Qh5 h6 18. Rd4 Ne4 19. Qh4 Qb7 20. Bc4 Bxc4 21.
Rxc4 Nf6 22. Rac1 Rac8 23. h3 b5 24. R4c3 Nd5 25. Rc5 Rxc5 26. Rxc5 Rc8 27. Qd4
Rxc5 28. Qxc5 Qc7 29. Qxc7 Nxc7 30. Kf1 f6 31. Nd4 Kf7 32. Ke2 e5 33. Nb3 Ke6
34. e4 Kd6 35. Kd3 Ne6 36. g3 h5 37. h4 g5 38. hxg5 fxg5 39. Nd2 h4 40. gxh4
gxh4 41. Nf3 h3 42. Nh2 Ng5 43. Ke3 Kc5 44. f4 exf4+ 45. Kxf4 Ne6+ 46. Kf5 Nd4+
47. Kf6 b4 48. e5 Kd5 49. Ng4 Ne6 50. Ne3+ Ke4 51. Ng4 Nf4 52. Nh2 Kd5 53. Ng4
Nh5+ 54. Kg5 Ng3 55. Kf6 Ne4+ 56. Kf5 Ng3+ 57. Kf6 Ne4+ 58. Kf5 Nc5 59. Kf6 Nd7+
60. Kf5 Nxe5 61. Nh2 Nd3 62. Kg4 Nxb2 63. Kxh3 Nd1 64. Kg4 Nc3 65. Kf4 Nxa2 66.
Ke3 Kc4 67. Kd2 b3 68. Nf3 a5 69. Ne5+ Kb4 70. Nd3+ Kc4 71. Nb2+ Kb4 72. Nd3+
Ka3 73. Kd1 a4 74. Kd2 b2 75. Kc2 Nc3 0-1

[Event "Women's Speed Chess GP4"]
[Site "chess.com INT"]
[Date "2020.07.15"]
[Round "1.3"]
[White "Koneru, Humpy"]
[Black "Girya, Olga"]
[Result "1-0"]
[WhiteTitle "GM"]
[BlackTitle "WGM"]
[WhiteElo "2586"]
[BlackElo "2469"]
[WhiteFideId "5008123"]
[BlackFideId "4195752"]
[EventDate "2020.07.15"]
[EventType "k.o. blitz"]

1. d4 Nf6 2. c4 e6 3. Nf3 d5 4. Nc3 Bb4 5. Bg5 h6 6. Bxf6 Qxf6 7. e3 O-O 8. Rc1
dxc4 9. Bxc4 c5 10. O-O cxd4 11. Ne4 Qe7 12. Nxd4 Bd7 13. a3 Ba5 14. Nb3 Bb6 15.
Qd6 Bd8 16. Rfd1 Bc6 17. Qxe7 Bxe7 18. Nec5 b6 19. Nxe6 fxe6 20. Bxe6+ Kh7 21.
Nd4 Be4 22. f3 Bg6 23. Bd5 Na6 24. Bxa8 Rxa8 25. b4 Bf6 26. e4 Be5 27. g3 Be8
28. f4 Bf6 29. e5 Be7 30. Nf5 Bf8 31. Nd6 Ba4 32. Rd2 Rd8 33. Rc8 Rxc8 34. Nxc8
Nc7 35. Rd8 Ne6 36. Rd2 g6 37. Nxa7 1-0

[Event "Women's Speed Chess GP4"]
[Site "chess.com INT"]
[Date "2020.07.15"]
[Round "1.4"]
[White "Girya, Olga"]
[Black "Koneru, Humpy"]
[Result "1-0"]
[WhiteTitle "WGM"]
[BlackTitle "GM"]
[WhiteElo "2469"]
[BlackElo "2586"]
[WhiteFideId "4195752"]
[BlackFideId "5008123"]
[EventDate "2020.07.15"]
[EventType "k.o. blitz"]

1. d4 d5 2. c4 e6 3. Nf3 Nf6 4. Nc3 Be7 5. Bf4 O-O 6. e3 b6 7. Be2 Bb7 8. cxd5
Nxd5 9. Nxd5 Bxd5 10. O-O Nd7 11. Qc2 c5 12. Rac1 Nf6 13. Rfd1 Qc8 14. dxc5 Qxc5
15. Qb1 Qa5 16. a3 Rac8 17. Rxc8 Rxc8 18. Rc1 Rxc1+ 19. Qxc1 Qc5 20. Qxc5 Bxc5
21. b4 Be7 22. Nd4 a5 23. bxa5 bxa5 24. a4 Ne4 25. Bc7 Bb4 26. Bd1 f6 27. f3 Nc3
28. Bc2 e5 29. Nb5 Kf7 30. e4 Bc6 31. Bb3+ Ke7 32. Nxc3 Bxc3 33. Bb6 Kd6 34. Kf2
h5 35. Be3 g5 36. Ke2 h4 37. h3 Bb4 38. Kd3 Bd7 39. Bf2 Be8 40. Bb6 Bd7 41. Bd8
Be6 42. Bd1 Kc5 43. Be7+ Kc6 44. Bxf6 Kd6 45. Bxg5 1-0

[Event "Women's Speed Chess GP4"]
[Site "chess.com INT"]
[Date "2020.07.15"]
[Round "1.5"]
[White "Koneru, Humpy"]
[Black "Girya, Olga"]
[Result "1-0"]
[WhiteTitle "GM"]
[BlackTitle "WGM"]
[WhiteElo "2586"]
[BlackElo "2469"]
[WhiteFideId "5008123"]
[BlackFideId "4195752"]
[EventDate "2020.07.15"]
[EventType "k.o. blitz"]

1. Nf3 d5 2. b3 Bf5 3. Bb2 e6 4. e3 h6 5. c4 c6 6. Nc3 Nf6 7. d4 Nbd7 8. Bd3
Bxd3 9. Qxd3 Bb4 10. O-O O-O 11. a3 Bxc3 12. Bxc3 a5 13. Nd2 Qb6 14. h3 Rfd8 15.
c5 Qa6 16. Qc2 b5 17. cxb6 Qxb6 18. Rfc1 c5 19. dxc5 Qxc5 20. b4 axb4 21. Bxb4
Qxc2 22. Rxc2 Nb6 23. Rc6 Rdb8 24. Bd6 Rb7 25. Rb1 Nfd7 26. Nf3 Rba7 27. Rcxb6
Nxb6 28. Rxb6 f6 29. Bb4 Kf7 30. Nd4 Rc7 31. Nxe6 Rc1+ 32. Kh2 Ra7 33. Nf4 Rc2
34. Kg3 Rd7 35. h4 g6 36. Rb5 d4 37. exd4 g5 38. hxg5 hxg5 39. Nh5 Rxd4 40. Kf3
Rd3+ 41. Ke4 Rb3 42. Rb7+ Kg6 43. g4 Rxf2 44. Rg7+ Kh6 45. Bf8 Re2+ 46. Kd5 Rd2+
47. Kc4 Rb8 48. Rg8+ Kh7 49. Nxf6# 1-0

[Event "Women's Speed Chess GP4"]
[Site "chess.com INT"]
[Date "2020.07.15"]
[Round "1.6"]
[White "Girya, Olga"]
[Black "Koneru, Humpy"]
[Result "1-0"]
[WhiteTitle "WGM"]
[BlackTitle "GM"]
[WhiteElo "2469"]
[BlackElo "2586"]
[WhiteFideId "4195752"]
[BlackFideId "5008123"]
[EventDate "2020.07.15"]
[EventType "k.o. blitz"]

1. d4 Nf6 2. c4 e6 3. Nf3 b6 4. g3 Bb4+ 5. Bd2 Bxd2+ 6. Qxd2 Ba6 7. b3 O-O 8.
Nc3 d5 9. cxd5 exd5 10. Bg2 Re8 11. Ne5 Qd6 12. O-O Nbd7 13. Nxd7 Qxd7 14. Rfc1
c6 15. a4 Qd6 16. e3 Rac8 17. a5 b5 18. Na2 Ne4 19. Qe1 c5 20. dxc5 Rxc5 21. Nb4
Rec8 22. Rxc5 Rxc5 23. Bxe4 dxe4 24. Rd1 Qf6 25. Nxa6 Rc2 26. Nb4 Rb2 27. Nd5
Qe5 28. Qc3 Qxc3 29. Nxc3 f5 30. Nxb5 Rxb3 31. Nxa7 Ra3 32. Nc6 Kf7 33. Rd7+ Kf6
34. Ra7 g5 35. a6 f4 36. gxf4 gxf4 37. exf4 Kf5 38. Rf7+ Kg4 39. Kg2 h5 40. h3+
Kh4 41. a7 e3 42. fxe3 Rxa7 43. Rf5 Rf7 44. Rg5 Rc7 45. Ne5 Rc2+ 46. Kf3 1-0

[Event "Women's Speed Chess GP4"]
[Site "chess.com INT"]
[Date "2020.07.15"]
[Round "1.7"]
[White "Koneru, Humpy"]
[Black "Girya, Olga"]
[Result "1/2-1/2"]
[WhiteTitle "GM"]
[BlackTitle "WGM"]
[WhiteElo "2586"]
[BlackElo "2469"]
[WhiteFideId "5008123"]
[BlackFideId "4195752"]
[EventDate "2020.07.15"]
[EventType "k.o. blitz"]

1. d4 Nf6 2. c4 e6 3. Nf3 d5 4. Nc3 Bb4 5. Qa4+ Nc6 6. e3 O-O 7. Bd2 dxc4 8.
Bxc4 Bd6 9. h3 e5 10. dxe5 Nxe5 11. Nxe5 Bxe5 12. O-O-O Bd7 13. Qc2 Qe7 14. Nd5
Nxd5 15. Bxd5 Be6 16. Bc3 Bxc3 17. Qxc3 Rfd8 18. Bxe6 Qxe6 19. a3 c5 20. g4 b5
21. Rxd8+ Rxd8 22. Rd1 Rxd1+ 23. Kxd1 Qd5+ 24. Ke2 h5 25. Qd3 Qg5 26. Qxb5 hxg4
27. hxg4 Qxg4+ 28. Kd2 Qf3 29. Ke1 Qh1+ 30. Ke2 Qh5+ 31. Ke1 Qh1+ 32. Ke2 Qh5+
33. Ke1 Qh1+ 1/2-1/2

[Event "Women's Speed Chess GP4"]
[Site "chess.com INT"]
[Date "2020.07.15"]
[Round "1.8"]
[White "Girya, Olga"]
[Black "Koneru, Humpy"]
[Result "1/2-1/2"]
[WhiteTitle "WGM"]
[BlackTitle "GM"]
[WhiteElo "2469"]
[BlackElo "2586"]
[WhiteFideId "4195752"]
[BlackFideId "5008123"]
[EventDate "2020.07.15"]
[EventType "k.o. blitz"]

1. d4 Nf6 2. c4 e6 3. Nf3 d5 4. Nc3 Be7 5. Bf4 O-O 6. e3 b6 7. Be2 Bb7 8. cxd5
Nxd5 9. Nxd5 Bxd5 10. O-O Nd7 11. Qc2 c5 12. Rad1 Nf6 13. dxc5 Bxc5 14. Bg5 h6
15. Bh4 Qe7 16. a3 Rac8 17. Qb1 Qb7 18. Bxf6 gxf6 19. b4 Be7 20. Ne1 Rc3 21. Qb2
Rfc8 22. Bf3 Bxf3 23. Nxf3 f5 24. Nd4 Qe4 25. Nb5 Rc2 26. Qb1 a6 27. Nd4 R2c3
28. Qb2 Kh7 29. Rc1 Rxc1 30. Rxc1 Rxc1+ 31. Qxc1 Bf6 32. Ne2 Kg7 33. h3 a5 34.
Nf4 axb4 35. axb4 Qxb4 36. Nh5+ Kg6 37. Nf4+ Kh7 38. Qc7 Be7 39. Qd7 Qd6 40. Qe8
Kg7 41. Nh5+ Kg6 42. Nf4+ Kg7 43. Nh5+ Kg6 44. Nf4+ Kg7 1/2-1/2

[Event "Women's Speed Chess GP4"]
[Site "chess.com INT"]
[Date "2020.07.15"]
[Round "1.9"]
[White "Koneru, Humpy"]
[Black "Girya, Olga"]
[Result "0-1"]
[WhiteTitle "GM"]
[BlackTitle "WGM"]
[WhiteElo "2586"]
[BlackElo "2469"]
[WhiteFideId "5008123"]
[BlackFideId "4195752"]
[EventDate "2020.07.15"]
[EventType "k.o. blitz"]

1. Nf3 d5 2. d4 Nf6 3. e3 c5 4. b3 cxd4 5. exd4 Nc6 6. Bb2 Bg4 7. Nbd2 e6 8. a3
a6 9. h3 Bh5 10. Bd3 Bd6 11. O-O O-O 12. c4 Bf4 13. g4 Bg6 14. Bxg6 hxg6 15. c5
Ne4 16. Re1 f5 17. Nf1 fxg4 18. hxg4 Qf6 19. Qd3 Bc7 20. Re3 Ng5 21. N1h2 Bxh2+
22. Nxh2 Qxf2+ 23. Kh1 Ne4 24. Rg1 Qxb2 25. Rxe4 dxe4 26. Qxe4 Qxb3 27. Qxg6
Qd5+ 28. Rg2 Rf6 29. Qd3 Raf8 30. g5 Rf2 0-1

[Event "Women's Speed Chess GP4"]
[Site "chess.com INT"]
[Date "2020.07.15"]
[Round "1.10"]
[White "Girya, Olga"]
[Black "Koneru, Humpy"]
[Result "0-1"]
[WhiteTitle "WGM"]
[BlackTitle "GM"]
[WhiteElo "2469"]
[BlackElo "2586"]
[WhiteFideId "4195752"]
[BlackFideId "5008123"]
[EventDate "2020.07.15"]
[EventType "k.o. blitz"]

1. d4 Nf6 2. c4 e6 3. Nf3 d5 4. Nc3 Be7 5. Bf4 O-O 6. e3 b6 7. Be2 Bb7 8. O-O
Nbd7 9. cxd5 exd5 10. Nxd5 Nxd5 0-1

[Event "Women's Speed Chess GP4"]
[Site "chess.com INT"]
[Date "2020.07.15"]
[Round "1.12"]
[White "Girya, Olga"]
[Black "Koneru, Humpy"]
[Result "1-0"]
[WhiteTitle "WGM"]
[BlackTitle "GM"]
[WhiteElo "2469"]
[BlackElo "2586"]
[WhiteFideId "4195752"]
[BlackFideId "5008123"]
[EventDate "2020.07.15"]
[EventType "k.o. blitz"]

1. d4 Nf6 2. c4 e6 3. Nf3 d5 4. Nc3 Be7 5. Bf4 O-O 6. e3 b6 7. Be2 Bb7 8. cxd5
Nxd5 9. Nxd5 Bxd5 10. O-O Nd7 11. Qc2 c5 12. Rad1 Nf6 13. Ba6 Be4 14. Qe2 Qd5
15. dxc5 Qxc5 16. Ne5 Rad8 17. a3 Nd5 18. Bg3 Qc2 19. Rd2 Qa4 20. Bb5 Qb3 21.
Bc4 Qa4 22. Bb5 Qb3 23. Nc6 Rde8 24. Nd4 Nc3 25. Nxb3 Nxe2+ 26. Rxe2 Rd8 27. Rd2
Bd5 28. Nd4 Bf6 29. Bc6 Bxd4 30. Bxd5 Bf6 31. e4 exd5 32. exd5 Rd7 33. d6 Re8
34. Rc1 Kf8 35. h4 Be5 36. Bxe5 Rxe5 37. Rc7 Ke8 38. Rc8+ Rd8 39. Rc7 Rd7 40.
Rdc2 Rxd6 41. Rxa7 g6 42. Rc8+ Rd8 43. Rcc7 Rf5 44. Re7+ Kf8 45. g3 Rd6 46. Re2
Kg7 47. Rb7 h5 48. Kg2 Rdf6 49. b4 Rd6 50. a4 Rd4 51. Rb2 Rc4 52. Rxb6 Rd4 53.
a5 Rd2 54. Rxd2 1-0

[Event "Women's Speed Chess GP4"]
[Site "chess.com INT"]
[Date "2020.07.15"]
[Round "1.13"]
[White "Koneru, Humpy"]
[Black "Girya, Olga"]
[Result "1-0"]
[WhiteTitle "GM"]
[BlackTitle "WGM"]
[WhiteElo "2586"]
[BlackElo "2469"]
[WhiteFideId "5008123"]
[BlackFideId "4195752"]
[EventDate "2020.07.15"]
[EventType "k.o. blitz"]

1. d4 Nf6 2. Nf3 d5 3. c4 e6 4. e3 Be7 5. Nbd2 O-O 6. Bd3 c5 7. b3 cxd4 8. exd4
Nc6 9. Bb2 b6 10. O-O Bb7 11. Rc1 Rc8 12. Qe2 Bd6 13. Rfd1 Qe7 14. Ne5 Ba3 15.
Bxa3 Qxa3 16. Nxc6 Bxc6 17. Nb1 Qe7 18. c5 bxc5 19. dxc5 e5 20. b4 e4 21. Ba6
Rb8 22. b5 Bd7 23. c6 Bg4 24. f3 Bh5 25. c7 Rbc8 26. Bxc8 Rxc8 27. g4 Bg6 28. f4
Rxc7 29. f5 d4 30. fxg6 hxg6 31. Rxc7 Qxc7 32. Rxd4 Qc1+ 33. Rd1 Qf4 34. Nc3 e3
35. Rf1 Qe5 36. Nd1 1-0

[Event "Women's Speed Chess GP4"]
[Site "chess.com INT"]
[Date "2020.07.15"]
[Round "1.1"]
[White "Harika, Dronavalli"]
[Black "Abrahamyan, Tatev"]
[Result "1-0"]
[WhiteTitle "GM"]
[BlackTitle "WGM"]
[WhiteElo "2515"]
[BlackElo "2358"]
[WhiteFideId "5015197"]
[BlackFideId "13301918"]
[EventDate "2020.07.15"]
[EventType "k.o. blitz"]

1. d4 Nf6 2. Nf3 e6 3. Bf4 Be7 4. e3 O-O 5. h3 c5 6. Bd3 cxd4 7. exd4 d6 8. O-O
b6 9. Nbd2 Bb7 10. Re1 Nbd7 11. c3 a6 12. a4 Qc7 13. Qe2 Rfe8 14. Rad1 Bf8 15.
Bh2 Bc6 16. Ra1 Qb7 17. Ne4 Nxe4 18. Bxe4 b5 19. axb5 axb5 20. Nd2 Nf6 21. Bxc6
Qxc6 22. Nf1 Nd5 23. Ne3 Nb6 24. Red1 h6 25. Bg3 Nc4 26. Rxa8 Rxa8 27. d5 exd5
28. Nxd5 Ra2 29. Nb4 Qa8 30. Nxa2 Qxa2 31. Kh2 Qxb2 32. Qxb2 Nxb2 33. Rd5 Na4
34. Rxb5 Nxc3 35. Rb8 Ne4 36. f3 Nxg3 37. Kxg3 g6 38. f4 Kg7 39. Kf3 Be7 40. Ke4
h5 41. g4 hxg4 42. hxg4 g5 43. Rb7 Bf6 44. f5 Be5 45. Kd5 Kf6 46. Rd7 Bf4 47.
Rxd6+ Bxd6 48. Kxd6 Kg7 49. Ke7 Kg8 50. f6 1-0

[Event "Women's Speed Chess GP4"]
[Site "chess.com INT"]
[Date "2020.07.15"]
[Round "1.2"]
[White "Abrahamyan, Tatev"]
[Black "Harika, Dronavalli"]
[Result "1/2-1/2"]
[WhiteTitle "WGM"]
[BlackTitle "GM"]
[WhiteElo "2358"]
[BlackElo "2515"]
[WhiteFideId "13301918"]
[BlackFideId "5015197"]
[EventDate "2020.07.15"]
[EventType "k.o. blitz"]

1. e4 e5 2. Nf3 Nf6 3. Nxe5 d6 4. Nf3 Nxe4 5. Nc3 Nxc3 6. dxc3 Be7 7. Be3 Nd7 8.
Qd2 O-O 9. O-O-O c6 10. Kb1 d5 11. Bd3 Nc5 12. Bxc5 Bxc5 13. h4 h6 14. Rde1 Bd6
15. Ne5 Bxe5 16. Rxe5 Qd6 17. Rhe1 Bd7 18. a3 b5 19. g3 a5 20. Qf4 Rad8 21. Bf5
f6 22. Be6+ Kh8 23. R5e3 Qxf4 24. gxf4 d4 25. cxd4 Bxe6 26. Rxe6 Rxd4 27. Rxc6
Rxf4 28. Rc5 Rb8 29. h5 Rxf2 30. Re7 Rg2 31. Ra7 a4 32. Rcc7 Rg5 33. Ka2 Rg8 34.
c4 Rb8 35. c5 b4 36. axb4 Rxb4 37. Ra8+ Kh7 38. Rcc8 Rxh5 39. c6 Rh2 40. c7
Rhxb2+ 41. Ka3 R2b3+ 42. Ka2 Rb2+ 43. Ka3 R4b3+ 44. Kxa4 Rb7 45. Ka3 R2b3+ 46.
Ka2 Rb2+ 47. Ka3 Rb1 48. Ka2 R1b2+ 49. Ka3 1/2-1/2

[Event "Women's Speed Chess GP4"]
[Site "chess.com INT"]
[Date "2020.07.15"]
[Round "1.3"]
[White "Harika, Dronavalli"]
[Black "Abrahamyan, Tatev"]
[Result "1/2-1/2"]
[WhiteTitle "GM"]
[BlackTitle "WGM"]
[WhiteElo "2515"]
[BlackElo "2358"]
[WhiteFideId "5015197"]
[BlackFideId "13301918"]
[EventDate "2020.07.15"]
[EventType "k.o. blitz"]

1. d4 f5 2. Nc3 Nf6 3. Bg5 e6 4. e4 fxe4 5. Nxe4 Be7 6. Bxf6 Bxf6 7. Bd3 O-O 8.
c3 d6 9. Ne2 Nd7 10. O-O Qe7 11. Bc2 b6 12. Qd3 g6 13. Nxf6+ Nxf6 14. Ng3 Bb7
15. f3 Nd5 16. Rae1 Nf4 17. Qd2 Qg5 18. Rf2 Rae8 19. Kh1 Qh4 20. Be4 Bxe4 21.
Rxe4 Qf6 22. Re1 h5 23. Ne2 h4 24. Nxf4 Qxf4 25. Qxf4 Rxf4 26. h3 Kf7 27. Rfe2
c5 28. Re4 Rxe4 29. Rxe4 g5 30. Kg1 Kf6 31. dxc5 bxc5 32. Kf2 Rb8 33. b3 e5 34.
Ra4 Rb7 35. c4 Ke6 36. Ra6 Rf7 37. Ke3 Rb7 38. Ke4 Rf7 39. Ke3 Rd7 40. Kd3 Kf5
41. Ke3 Ke6 42. Rc6 Rb7 43. Kd3 Kd7 44. Ra6 Ke6 45. Kc3 Rd7 46. Kd3 Kf5 47. Ke3
Ke6 1/2-1/2

[Event "Women's Speed Chess GP4"]
[Site "chess.com INT"]
[Date "2020.07.15"]
[Round "1.4"]
[White "Abrahamyan, Tatev"]
[Black "Harika, Dronavalli"]
[Result "0-1"]
[WhiteTitle "WGM"]
[BlackTitle "GM"]
[WhiteElo "2358"]
[BlackElo "2515"]
[WhiteFideId "13301918"]
[BlackFideId "5015197"]
[EventDate "2020.07.15"]
[EventType "k.o. blitz"]

1. e4 g6 2. d4 Bg7 3. Nf3 c6 4. Be2 d6 5. O-O Nf6 6. Nc3 O-O 7. a4 Nbd7 8. h3
Qc7 9. Be3 e5 10. Re1 Re8 11. d5 Nf8 12. Bc4 cxd5 13. Bxd5 a6 14. a5 Be6 15. Bb6
Qd7 16. Qd3 Bxd5 17. Nxd5 Nxd5 18. Qxd5 Ne6 19. Rad1 Rac8 20. c3 Rc6 21. Nxe5
Bxe5 22. Qxe5 Qe7 23. Qg3 h5 24. f4 Qf6 25. f5 Qg5 26. Qf3 Nc5 27. e5 dxe5 28.
fxg6 Qxg6 29. Rf1 e4 30. Qe3 Ne6 31. Rd5 Ng7 32. Rg5 Qh6 33. Qg3 Rg6 34. Be3
Rxg5 35. Bxg5 Qg6 36. Rf6 Qh7 37. Qh4 e3 38. Rh6 Qb1+ 39. Kh2 e2 40. Bd2 e1=Q
41. Bxe1 Qxe1 0-1

[Event "Women's Speed Chess GP4"]
[Site "chess.com INT"]
[Date "2020.07.15"]
[Round "1.5"]
[White "Harika, Dronavalli"]
[Black "Abrahamyan, Tatev"]
[Result "0-1"]
[WhiteTitle "GM"]
[BlackTitle "WGM"]
[WhiteElo "2515"]
[BlackElo "2358"]
[WhiteFideId "5015197"]
[BlackFideId "13301918"]
[EventDate "2020.07.15"]
[EventType "k.o. blitz"]

1. c4 Nf6 2. Nc3 e6 3. e4 d5 4. cxd5 exd5 5. e5 Ne4 6. Nf3 Be7 7. Be2 O-O 8. O-O
c5 9. d4 Bf5 10. Be3 c4 11. Nd2 Nxc3 12. bxc3 Nc6 13. Bg4 Bd3 14. Be2 Bg6 15. f4
f5 16. Rb1 Rb8 17. a4 a6 18. Bf3 Bf7 19. Rf2 b5 20. axb5 axb5 21. Re2 Be6 22.
Bf2 Qd7 23. Nf1 b4 24. cxb4 Nxb4 25. Ne3 Nd3 26. Ra2 Nxf4 27. Rba1 Nd3 28. Ra7
Rb7 29. Rxb7 Qxb7 30. Nxc4 Nxf2 31. Kxf2 Qb4 32. Ne3 Rd8 33. Kg1 f4 34. Nc2 Qc3
35. h3 Bf5 36. Ra2 h6 37. Bg4 Bxg4 38. Qxg4 Rb8 39. Kh2 Bg5 40. Qe6+ Kh8 41. Qd6
Qg3+ 42. Kg1 Rb1+ 0-1

[Event "Women's Speed Chess GP4"]
[Site "chess.com INT"]
[Date "2020.07.15"]
[Round "1.6"]
[White "Abrahamyan, Tatev"]
[Black "Harika, Dronavalli"]
[Result "1/2-1/2"]
[WhiteTitle "WGM"]
[BlackTitle "GM"]
[WhiteElo "2358"]
[BlackElo "2515"]
[WhiteFideId "13301918"]
[BlackFideId "5015197"]
[EventDate "2020.07.15"]
[EventType "k.o. blitz"]

1. e4 g6 2. d4 Bg7 3. Nc3 c6 4. Be3 d6 5. Qd2 Nd7 6. f3 b5 7. g4 a6 8. h4 h5 9.
g5 e6 10. Nge2 Ne7 11. Ng3 d5 12. O-O-O Nb6 13. Bf4 Nc4 14. Bxc4 bxc4 15. Be5
Bxe5 16. dxe5 Qb6 17. f4 Rb8 18. b3 O-O 19. Rhf1 Qb4 20. Kb2 a5 21. Rb1 cxb3 22.
Nge2 Ba6 23. axb3 a4 24. Kc1 Qa3+ 25. Kd1 axb3 26. cxb3 Rxb3 27. Rxb3 Qxb3+ 28.
Ke1 Rb8 29. Kf2 Qc4 30. exd5 Nxd5 31. Rc1 Nxc3 32. Nxc3 c5 33. Kg3 Rb3 34. Kf2
Kg7 35. Ne2 Qxe2+ 36. Qxe2 Bxe2 37. Kxe2 Rh3 38. Rxc5 Rxh4 39. Kf3 Rh1 40. Kg3
Rf1 41. Rc4 Rd1 42. Ra4 Rd3+ 43. Kg2 Kf8 44. Ra8+ Ke7 45. Ra7+ Rd7 46. Ra4 Kd8
47. Kg3 Kc7 48. Kf3 Kc6 49. Ra6+ Kc5 50. Ra5+ Kc4 51. Ra4+ Kb5 52. Ra8 Kc4 53.
Ra4+ Kb3 54. Ra8 Kc4 55. Ra4+ 1/2-1/2

[Event "Women's Speed Chess GP4"]
[Site "chess.com INT"]
[Date "2020.07.15"]
[Round "1.7"]
[White "Harika, Dronavalli"]
[Black "Abrahamyan, Tatev"]
[Result "1-0"]
[WhiteTitle "GM"]
[BlackTitle "WGM"]
[WhiteElo "2515"]
[BlackElo "2358"]
[WhiteFideId "5015197"]
[BlackFideId "13301918"]
[EventDate "2020.07.15"]
[EventType "k.o. blitz"]

1. c4 Nf6 2. g3 e6 3. Bg2 d5 4. Nf3 Be7 5. O-O O-O 6. d4 dxc4 7. Ne5 Nbd7 8.
Nxc4 c5 9. Nc3 cxd4 10. Qxd4 Nc5 11. Be3 Bd7 12. Rfd1 Qc8 13. Nd6 Bxd6 14. Qxd6
Na4 15. Nxa4 Bxa4 16. b3 Bc6 17. Rac1 Nd5 18. Bd4 Rd8 19. Qc5 Qd7 20. Bb2 Qe7
21. Qxe7 Nxe7 22. Ba3 Bxg2 23. Rxd8+ Rxd8 24. Bxe7 1-0